000 00447nam a22001577a 4500
001 000019871
005 20200929170155.0
008 910627s1990 dr 000 0 eng
040 _aDO-SdBNP
_bspa
_cBNPHU
082 _axxx
_bN375h
100 1 _aNeedler, Naomi.
_942398
245 1 4 _aThe heart has its reasons /
_cNaomi Needler.
260 _aSanto Domingo :
_bTaller,
_c1990.
300 _a153 p. ;
_c23 cm.
910 _aCatalogación derivada / LC
999 _c19384
_d19384